| 000 | 00000nam 2200000za 4500 |
| 001 | 9.843360 |
| 003 | CaOODSP |
| 005 | 20221107152515 |
| 007 | cr ||||||||||| |
| 008 | 170911t20182017qucabd ob f000 0 eng d |
| 020 | |a9780660095912|z9780660095929 |
| 040 | |aCaOODSP|beng |
| 041 | |aeng|bfre |
| 043 | |an-cn--- |
| 086 | 1 |aCW66-569/2017E-PDF|zCW66-569/2017E |
| 100 | 1 |aRousseu, François. |
| 245 | 14|aThe nesting phenology of birds in Canada |h[electronic resource] / |cFrançois Rousseu and Bruno Drolet. |
| 260 | |aQuébec : |bCanadian Wildlife Service, Québec Region, |c[2018], c2017. |
| 300 | |axxii, 314 p. : |bcharts (some col.), col. ill., maps (some col.) |
| 490 | 1 |aTechnical report series ; |vno. 533 |
| 500 | |aIssued also in French under title: La phénologie de nidification des oiseaux au Canada. |
| 504 | |aIncludes bibliographical references. |
| 520 | 3 |a"This technical report is the first attempt to produce a nationally consistent and unified description of bird nesting phenology across the different provinces and territories of Canada. It provides species-specific predictions of the nesting phenology of 311 bird species (71 % of those breeding in Canada), outlining the timing and intensity of nesting. The use of a standardized method applied to all regions enables predictions to be made for boreal and Arctic regions"--Abstract, p. vi. |
| 530 | |aIssued also in print format. |
| 546 | |aIncludes abstract in French. |
| 692 | 07|2gccst|aBirds |
| 693 | 4|aNests |
| 693 | 4|aPhenology |
| 700 | 1 |aDrolet, Bruno. |
| 710 | 2 |aCanadian Wildlife Service. |bQuebec Region. |
| 710 | 1 |aCanada. |bEnvironment and Climate Change Canada. |
| 775 | 08|tLa phénologie de nidification des oiseaux au Canada |w(CaOODSP)9.843362 |
| 776 | 0#|tTHE NESTING PHENOLOGY OF BIRDS IN CANADA - Québec region |w(CaOODSP)9.843361 |
| 830 | #0|aTechnical report series (Canadian Wildlife Service)|vno. 533.|w(CaOODSP)9.504438 |
| 856 | 40|qPDF|s38.57 MB|uhttps://publications.gc.ca/collections/collection_2018/eccc/CW66-569-2017-eng.pdf |